000 00206nam a22000857a 4500
008 170527b xxu||||| |||| 00| 0 eng d
100 _93168
_aSwindoll.L.R.
245 _aArchaeology Hand Book
260 _aUSA
_c2008
999 _c6471
_d6471